<?xml version="1.0" encoding="UTF-8"?>
<collection xmlns="http://www.loc.gov/MARC21/slim">
 <record>
  <leader>02717cam a2200529  c4500</leader>
  <controlfield tag="001">1434013774</controlfield>
  <controlfield tag="003">DE-627</controlfield>
  <controlfield tag="005">20240308173632.0</controlfield>
  <controlfield tag="007">tu</controlfield>
  <controlfield tag="008">120420s2011    gr ||||| r    00| ||gre c</controlfield>
  <datafield tag="020" ind1=" " ind2=" ">
   <subfield code="a">9789604041961</subfield>
   <subfield code="9">978-960-404-196-1</subfield>
  </datafield>
  <datafield tag="035" ind1=" " ind2=" ">
   <subfield code="a">(DE-627)1434013774</subfield>
  </datafield>
  <datafield tag="035" ind1=" " ind2=" ">
   <subfield code="a">(DE-576)36401377X</subfield>
  </datafield>
  <datafield tag="035" ind1=" " ind2=" ">
   <subfield code="a">(DE-599)BSZ36401377X</subfield>
  </datafield>
  <datafield tag="035" ind1=" " ind2=" ">
   <subfield code="a">(OCoLC)799012272</subfield>
  </datafield>
  <datafield tag="040" ind1=" " ind2=" ">
   <subfield code="a">DE-627</subfield>
   <subfield code="b">ger</subfield>
   <subfield code="c">DE-627</subfield>
   <subfield code="e">rakwb</subfield>
  </datafield>
  <datafield tag="041" ind1=" " ind2=" ">
   <subfield code="a">gre</subfield>
  </datafield>
  <datafield tag="044" ind1=" " ind2=" ">
   <subfield code="c">XA-GR</subfield>
  </datafield>
  <datafield tag="084" ind1=" " ind2=" ">
   <subfield code="a">6,14</subfield>
   <subfield code="2">ssgn</subfield>
  </datafield>
  <datafield tag="084" ind1=" " ind2=" ">
   <subfield code="a">LG 2450</subfield>
   <subfield code="2">rvk</subfield>
   <subfield code="0">(DE-625)rvk/92103:</subfield>
  </datafield>
  <datafield tag="084" ind1=" " ind2=" ">
   <subfield code="a">LF 3380</subfield>
   <subfield code="2">rvk</subfield>
   <subfield code="0">(DE-625)rvk/91525:</subfield>
  </datafield>
  <datafield tag="245" ind1="1" ind2="0">
   <subfield code="a">Ellēnistika glypta tēs Rodu</subfield>
   <subfield code="n">1</subfield>
   <subfield code="c">Basilikē Machaira</subfield>
  </datafield>
  <datafield tag="246" ind1="3" ind2="0">
   <subfield code="a">Hellēnistika</subfield>
  </datafield>
  <datafield tag="264" ind1=" " ind2="1">
   <subfield code="a">Athēna</subfield>
   <subfield code="b">Kentron Ereunēs tēs Archaiotētos tēs Akadēmias Athēnōn</subfield>
   <subfield code="c">2011</subfield>
  </datafield>
  <datafield tag="300" ind1=" " ind2=" ">
   <subfield code="a">146, 154 S.</subfield>
   <subfield code="b">zahlr. Ill.</subfield>
  </datafield>
  <datafield tag="336" ind1=" " ind2=" ">
   <subfield code="a">Text</subfield>
   <subfield code="b">txt</subfield>
   <subfield code="2">rdacontent</subfield>
  </datafield>
  <datafield tag="337" ind1=" " ind2=" ">
   <subfield code="a">ohne Hilfsmittel zu benutzen</subfield>
   <subfield code="b">n</subfield>
   <subfield code="2">rdamedia</subfield>
  </datafield>
  <datafield tag="338" ind1=" " ind2=" ">
   <subfield code="a">Band</subfield>
   <subfield code="b">nc</subfield>
   <subfield code="2">rdacarrier</subfield>
  </datafield>
  <datafield tag="490" ind1="1" ind2=" ">
   <subfield code="a">Seira monographiōn / Kentron Ereunēs tēs Archaiotētos, Akadēmia Athēnōn</subfield>
   <subfield code="v">7</subfield>
  </datafield>
  <datafield tag="500" ind1=" " ind2=" ">
   <subfield code="a">In griech. Schrift</subfield>
  </datafield>
  <datafield tag="583" ind1="1" ind2=" ">
   <subfield code="a">Archivierung/Langzeitarchivierung gewährleistet</subfield>
   <subfield code="f">SSG</subfield>
   <subfield code="x">XA-DE-BW</subfield>
   <subfield code="2">pdager</subfield>
   <subfield code="5">DE-16</subfield>
  </datafield>
  <datafield tag="655" ind1=" " ind2="7">
   <subfield code="a">Verzeichnis</subfield>
   <subfield code="0">(DE-588)4188171-0</subfield>
   <subfield code="0">(DE-627)105266639</subfield>
   <subfield code="0">(DE-576)210051078</subfield>
   <subfield code="2">gnd-content</subfield>
  </datafield>
  <datafield tag="689" ind1="0" ind2="0">
   <subfield code="d">g</subfield>
   <subfield code="0">(DE-588)4049859-1</subfield>
   <subfield code="0">(DE-627)106185241</subfield>
   <subfield code="0">(DE-576)209084014</subfield>
   <subfield code="a">Rhodos</subfield>
   <subfield code="2">gnd</subfield>
  </datafield>
  <datafield tag="689" ind1="0" ind2="1">
   <subfield code="d">s</subfield>
   <subfield code="0">(DE-588)4024313-8</subfield>
   <subfield code="0">(DE-627)106299255</subfield>
   <subfield code="0">(DE-576)208954449</subfield>
   <subfield code="a">Hellenismus</subfield>
   <subfield code="2">gnd</subfield>
  </datafield>
  <datafield tag="689" ind1="0" ind2="2">
   <subfield code="d">s</subfield>
   <subfield code="0">(DE-588)4129665-5</subfield>
   <subfield code="0">(DE-627)105708240</subfield>
   <subfield code="0">(DE-576)20961241X</subfield>
   <subfield code="a">Statue</subfield>
   <subfield code="2">gnd</subfield>
  </datafield>
  <datafield tag="689" ind1="0" ind2=" ">
   <subfield code="5">(DE-627)</subfield>
  </datafield>
  <datafield tag="773" ind1="1" ind2="8">
   <subfield code="w">(DE-627)1434013278</subfield>
   <subfield code="w">(DE-576)364013273</subfield>
   <subfield code="g">1</subfield>
   <subfield code="q">1</subfield>
   <subfield code="7">nnnm</subfield>
  </datafield>
  <datafield tag="787" ind1="0" ind2="8">
   <subfield code="i">Rezensiert in</subfield>
   <subfield code="a">Willers, Dietrich, 1938 - </subfield>
   <subfield code="t">[Rezension von: Vasiliki Machaira, Ελληνιστικά γλυπτά της Ρόδου. Κατάλογος]</subfield>
   <subfield code="d">2016</subfield>
   <subfield code="w">(DE-627)1818223449</subfield>
  </datafield>
  <datafield tag="810" ind1="2" ind2=" ">
   <subfield code="a">Kentron Ereunēs tēs Archaiotētos</subfield>
   <subfield code="g">Athen</subfield>
   <subfield code="t">Seira monographiōn</subfield>
   <subfield code="v">7</subfield>
   <subfield code="9">7</subfield>
   <subfield code="w">(DE-627)548210780</subfield>
   <subfield code="w">(DE-576)020225806</subfield>
   <subfield code="w">(DE-600)2394614-3</subfield>
   <subfield code="7">ns</subfield>
  </datafield>
  <datafield tag="936" ind1="r" ind2="v">
   <subfield code="a">LG 2450</subfield>
   <subfield code="b">Hellenistische Plastik</subfield>
   <subfield code="k">Klassische Archäologie</subfield>
   <subfield code="k">Antike Kunst und Kultur</subfield>
   <subfield code="k">Plastik und Relief</subfield>
   <subfield code="k">Griechische Plastik</subfield>
   <subfield code="k">Hellenistische Plastik</subfield>
   <subfield code="0">(DE-627)1271491877</subfield>
   <subfield code="0">(DE-625)rvk/92103:</subfield>
   <subfield code="0">(DE-576)201491877</subfield>
  </datafield>
  <datafield tag="936" ind1="r" ind2="v">
   <subfield code="a">LF 3380</subfield>
   <subfield code="b">Rhodos (Lindos, Jalysos, Kameiros, Vroulia, Exochi)</subfield>
   <subfield code="k">Klassische Archäologie</subfield>
   <subfield code="k">Topografie und Grabungspublikationen</subfield>
   <subfield code="k">Ausgrabungspublikationen und topografische Literatur</subfield>
   <subfield code="k">Orte und Landschaften R</subfield>
   <subfield code="k">Rhodos (Lindos, Jalysos, Kameiros, Vroulia, Exochi)</subfield>
   <subfield code="0">(DE-627)1272162052</subfield>
   <subfield code="0">(DE-625)rvk/91525:</subfield>
   <subfield code="0">(DE-576)202162052</subfield>
  </datafield>
  <datafield tag="951" ind1=" " ind2=" ">
   <subfield code="a">MV</subfield>
  </datafield>
  <datafield tag="990" ind1=" " ind2=" ">
   <subfield code="a">Rhodos</subfield>
  </datafield>
  <datafield tag="990" ind1=" " ind2=" ">
   <subfield code="a">Hellenismus</subfield>
  </datafield>
  <datafield tag="990" ind1=" " ind2=" ">
   <subfield code="a">Statue</subfield>
  </datafield>
  <datafield tag="991" ind1=" " ind2=" ">
   <subfield code="a">Rezensiertes Werk</subfield>
  </datafield>
  <datafield tag="999" ind1=" " ind2=" ">
   <subfield code="a">KXP-PPN1434013774</subfield>
   <subfield code="e">4196208037</subfield>
  </datafield>
 </record>
</collection>
